| 000 | 00762nam a22002537a 4500 | ||
|---|---|---|---|
| 003 | PE SENCICO BE | ||
| 005 | 20251020182634.0 | ||
| 008 | 230404b |||||||| |||| 00| 0 eng d | ||
| 020 | _a978-84-252-2449-2 | ||
| 040 |
_aPE SENCICO BE _cPE SENCICO BE |
||
| 041 | _aspa | ||
| 082 |
_a720.47 _bJ76 |
||
| 100 | 1 |
_9867 _aJourda, Francoise-Helene _eautor |
|
| 245 | 1 |
_aPequeño manual del proyecto sostenible / _cFrancoise-Helene Jourda |
|
| 250 | _a1a ed. | ||
| 260 |
_aBarcelona : _bGustavo Gili, _c2016 |
||
| 300 |
_a[80] p. : _bil., _c18 cm. |
||
| 650 | 1 | 4 |
_9280 _aArquitectura sostenible |
| 650 | 2 | 4 |
_9636 _aProyectos urbanos |
| 650 | 2 | 4 |
_9249 _aEdificios inteligentes |
| 650 | 2 | 4 |
_9868 _aEdificios ecológicos |
| 910 |
_bhfp _chfp |
||
| 942 |
_2ddc _cLIB |
||
| 999 |
_c4089 _d4089 |
||